Регионална библиотека "Любен Каравелов" - Русе

Ной (Запис номер 332009)

MARC детайли
000 -Лидер
Контролно поле с фиксирана дължина nam a22 a 4500
003 - Код на организацията, давaща контролен номер
Контролно поле BLK
005 - Дата и час на последна редакция
Контролно поле 20220609114153.0
008 - Елементи от данни с фиксирана дължина
fixed length control field 190703b bu ||||| |||| 00| 0 bu d
020 ## - Международен стандартен номер на книга ISBN
Международен стандартен номер на книга ISBN 978-619-716-304-9
040 ## - Източник на каталожния запис
Идентификатор на билиотеката - собственик на записа BLK
041 ## - Код за език
Код за езика на текст/звукозапис или на отделно заглавие Български
Код за езика КДБФ Български
080 ## - УДК
Текстов определител УДК Издания за деца и юноши. Книжки-картинки. Читанки. Вж и 372.4
УДК код - определител по УДК 087.5
УДК - код + определител 087.5
100 ## - Редна дума - Автор
Автор Ливинстън, Колийн
Авторска отговорност първи автор
R(LIN) 1299
139 ## - Редно поле
Редна дума ливинстън, колийн
Авторски знак Ли - Л 54
245 ## - Сведения за заглавието
Заглавие Ной
Подзаглавни данни Книга-игра
Редно поле (дума) Колийн Ливинстън
260 ## - Област на издателските данни
9 (RLIN) 219989
Място на издаване, разпространение и проч. София
Име на издателя, разпространителя и проч. Сердика
Година на издаване 2015
300 ## - Физическа характеристика
Страници 100 с.
Илюстрации и др. с ил.
Размери/Мащаб 17 см
380 ## - Жанр
Жанр Детска отраслова лит.
700 ## - Други автори (авторска отговорност)
9 (RLIN) 599
Лично име Кара, Ирена
Автороска отговорност (Описва отношението между автора и произведението) ил.
999 ## - СИСТЕМНИ КОНТРОЛНИ НОМЕРА
Koha biblionumber 332009
Koha biblioitemnumber 332009
942 ## - АРТИКУЛИ
Източник на класификационната схема Universal Decimal Classification
Вид на библиотечния материал Книги
Скрит в OPAC Не
Koha issues (borrowed), all copies 2
Наличности
Код за отписване Код за изгубен артикул Източник на класификационната схема Код за повреда Код за отдаване Артикулен № Име на библиотеката - собственик Име на библиотеката, в която се намира в момента Статус (Текущо местоположение) Дата на вписване в системата Местоположение - отдел Цена в лева Инвентарен номер Систематично азбучна сигнатура Баркод Цена в евро Служебен тип на артикула Коз за рестрикции
Изтеглен Не е изгубен Universal Decimal Classification Не е повреден заемане за дома 727952 Регионална библиотека "Любен Каравелов" Русе Регионална библиотека "Любен Каравелов" Русе Детски отдел 2019-07-04 Детски отдел 5.50 120000833103 ДН 0/Л 54 120000833103 2.81 Книги  
  Не е изгубен Universal Decimal Classification Не е повреден ползва се в читалня 731825 Регионална библиотека "Любен Каравелов" Русе Регионална библиотека "Любен Каравелов" Русе Хранилище 2019-08-08 Хранилище 5.50   Цб I 38223 120000835202 2.81 Книги само за читалня
Vip Innovations Ltd, Rousse, Bulgaria 2025